000053017 001__ 53017
000053017 005__ 20230317221320.0
000053017 0247_ $$2doi$$a10.1007/BF02274933
000053017 0247_ $$2ISSN$$a0304-3843
000053017 0247_ $$2ISSN$$a1572-9540
000053017 0247_ $$2WOS$$aWOS:A1996UD21000028
000053017 037__ $$aGSI-2013-04016
000053017 041__ $$aEnglish
000053017 082__ $$a530
000053017 1001_ $$aUwira, O.$$b0$$eCorresponding author
000053017 245__ $$aRecombination of electrons with highly charged heavy ions at very low energies
000053017 260__ $$aDordrecht [u.a.]$$bSpringer Science + Business Media B.V$$c1996
000053017 3367_ $$0PUB:(DE-HGF)16$$2PUB:(DE-HGF)$$aJournal Article$$bjournal$$mjournal$$s1371540337_9903
000053017 3367_ $$2DRIVER$$aarticle
000053017 3367_ $$2BibTeX$$aARTICLE
000053017 3367_ $$00$$2EndNote$$aJournal Article
000053017 536__ $$0G:(DE-HGF)POF2-899$$a899 - ohne Topic (POF2-899)$$cPOF2-899$$fPOF I$$x0
000053017 588__ $$aDataset connected to CrossRef, repository.gsi.de
000053017 7001_ $$aMüller, A.$$b1
000053017 7001_ $$aSpies, W.$$b2
000053017 7001_ $$aLinkemann, J.$$b3
000053017 7001_ $$aFrank, A.$$b4
000053017 7001_ $$aCramer, T.$$b5
000053017 7001_ $$aEmpacher, L.$$b6
000053017 7001_ $$aBecker, R.$$b7
000053017 7001_ $$aKleinod, M.$$b8
000053017 7001_ $$0P:(DE-HGF)0$$aMokler, P. H.$$b9
000053017 7001_ $$aKenntner, J.$$b10
000053017 7001_ $$aWolf, A.$$b11
000053017 7001_ $$aSchramm, U.$$b12
000053017 7001_ $$aSchüssler, T.$$b13
000053017 7001_ $$aSchwalm, D.$$b14
000053017 7001_ $$aHabs, D.$$b15
000053017 773__ $$0PERI:(DE-600)2021614-2$$a10.1007/BF02274933$$gVol. 99, no. 1, p. 295 - 300$$n1$$p295 - 300$$tHyperfine interactions$$v99$$x1572-9540$$y1996
000053017 909CO $$ooai:repository.gsi.de:53017$$pVDB
000053017 9101_ $$0I:(DE-Ds200)20121206GSI$$6P:(DE-HGF)0$$aGSI Helmholtzzentrum für Schwerionenforschung GmbH$$b9$$kGSI
000053017 9131_ $$0G:(DE-HGF)POF2-899$$1G:(DE-HGF)POF2-890$$2G:(DE-HGF)POF2-800$$3G:(DE-HGF)POF2$$4G:(DE-HGF)POF$$aDE-HGF$$bProgrammungebundene Forschung$$lohne Programm$$vohne Topic$$x0
000053017 915__ $$0StatID:(DE-HGF)0010$$2StatID$$aJCR/ISI refereed
000053017 915__ $$0StatID:(DE-HGF)0100$$2StatID$$aJCR
000053017 915__ $$0StatID:(DE-HGF)0150$$2StatID$$aDBCoverage$$bWeb of Science Core Collection
000053017 915__ $$0StatID:(DE-HGF)0199$$2StatID$$aDBCoverage$$bThomson Reuters Master Journal List
000053017 915__ $$0StatID:(DE-HGF)0200$$2StatID$$aDBCoverage$$bSCOPUS
000053017 915__ $$0StatID:(DE-HGF)0300$$2StatID$$aDBCoverage$$bMedline
000053017 915__ $$0StatID:(DE-HGF)0420$$2StatID$$aNationallizenz
000053017 920__ $$lyes
000053017 9201_ $$0I:(DE-Ds200)ATP-20051214OR020$$kATP$$lAtomphysik$$x0
000053017 980__ $$ajournal
000053017 980__ $$aVDB
000053017 980__ $$aI:(DE-Ds200)20110830OR020
000053017 980__ $$aI:(DE-Ds200)ATP-20051214OR020
000053017 980__ $$aUNRESTRICTED